Fata Adversa Religionis Evangelicae in Hungaria seu de Impedimentis emendatae Religionis Evangelicae

Dielo o nepriaznivej situácii evanjelikov v Uhorsku koncom 17. a v 18. storočí. Na konci diela sú stručné životopisy L. Serpilia, S. Xylandra, Š. Pilárika, D. Klescha, J. Rezika a S. Antoniho. Pripojený je aj snemový artikul č. 26 z roku 1791, ktorým sa zabezpečila sloboda vyznania...

Full description

Bibliographic Details
Main Author: Šmál, Andrej, 1706-1766 (Author)
Format: Manuscript Book
Language:Latin
PhysicalDescription:541 strán rukopis, viazaný 21 cm
Published: [Dokument vznikol na Slovensku] [medzi 1750 a 1809?]
Subjects:

MARC

LEADER 00000ctmaa2200000 a 4500
001 vtls011889007
003 SK-MaSNL
005 20260301101847.0
008 251021i1750 xo || 000n1dlat
035 |a urn:nbn:sk:snk-tm00em0s 
035 |a urn:nbn:sk:snk-tm3n3yo 
035 |a 6603DC03-8F8F-4156-BF5B-2C327D2337D2 
040 |a SNKLA  |b slo  |c SNKLA  |e AACR2 
041 0 |a lat 
044 |a xo  |c SK 
072 7 |a 2  |x Náboženstvo  |2 konspekt 
080 |a 2-674.5  |2 2011 
080 |a 025.171  |2 2011 
080 |a 274/278-722.7  |2 2011 
080 |a 27-9  |2 2011 
080 |a 342.731  |2 2001 
080 |a (094.5)  |2 2011 
080 |a (048.8)  |2 2011 
080 |a 929(092)  |2 2011 
100 1 |a Šmál, Andrej,  |d 1706-1766  |4 aut  |9 159938 
245 1 0 |a Fata Adversa Religionis Evangelicae in Hungaria seu de Impedimentis emendatae Religionis Evangelicae 
260 |a [Dokument vznikol na Slovensku]  |c [medzi 1750 a 1809?] 
300 |a 541 strán  |b rukopis, viazaný  |c 21 cm 
500 |a Autor podľa zápisu pôvodného spracovania 
520 2 |a Dielo o nepriaznivej situácii evanjelikov v Uhorsku koncom 17. a v 18. storočí. Na konci diela sú stručné životopisy L. Serpilia, S. Xylandra, Š. Pilárika, D. Klescha, J. Rezika a S. Antoniho. Pripojený je aj snemový artikul č. 26 z roku 1791, ktorým sa zabezpečila sloboda vyznania 
555 0 |a Zbierka literárnych jednotlivín 
561 |a Okrúhla pečiatka: Literárny archív Matice slovenskej 
600 1 7 |a Serpilius, Quendel,  |d zomrel 1572  |2 SNKMA  |9 436746 
600 1 7 |a Pilárik, Štefan,  |d 1644-1720  |2 SNKMA  |9 215109 
600 1 7 |a Klesch, Daniel,  |d 1624-1697  |2 SNKMA  |9 436747 
600 1 7 |a Rezik, Ján,  |d asi 1650-1710  |2 SNKMA  |9 53992 
600 1 7 |a Antoni, Samuel,  |d 1669-1738  |2 SNKMA  |9 173292 
650 0 7 |a náboženská perzekúcia  |2 SNKPH  |9 68303 
650 0 7 |a evanjelici  |2 SNKPH  |9 4027 
650 0 7 |a cirkevné dejiny  |2 SNKPH  |9 3909 
650 0 7 |a sloboda vyznania  |2 SNKPH  |9 2175 
651 7 |a Uhorsko  |2 SNKPH  |9 28673 
655 7 |a monografie  |2 SNKPH  |9 70139 
655 7 |a biografie  |2 SNKPH  |9 27965 
655 7 |a rukopisy  |2 SNKPH  |9 70548 
655 7 |a zákony  |2 SNKPH  |9 70186 
852 |a Slovenská národná knižnica  |b Literárny archív 
852 |a Slovenská národná knižnica  |b Literárny archív 
958 |a ZLJ 
958 |a LAVD 
999 |c 690539  |d 692469 
952 |a SNKLA  |b SNKLA  |c SNKLA_DEP  |y NEVYP  |7 0  |p 17A1228892  |o snkJ 5  |0 0  |1 0  |4 0  |d 2019-09-24  |f 1  |l 0  |r 2026-02-23 20:25:39  |w 2026-02-23